000 01250nam a22003737a 4500
001 14436957
003 OSt
005 20210426120702.0
008 060703s2007 maua b 001 0 eng
010 _a 2006049019
020 _a9780674023284
020 _a0674023285 (alk. paper)
040 _aDLC
_cDLC
_dDLC
_beng
041 _aeng
050 0 0 _aQH585.2
_b.L36 2007
080 _a57
_bL-23
082 0 0 _a571.6/38
_222
100 1 _aLandecker, Hannah.
245 1 0 _aCulturing life :
_bhow cells became technologies /
_c/ by: Harvard University Press
260 _aCambridge, Mass.
_bHarvard University Press
_c2007.
300 _ax, 276 p.
_bill.
_c22 cm.
365 _b35 usd
504 _aIncludes bibliographical references (p. [239]-271) and index.
650 0 _aCell culture.
650 0 _aBiology
_9483
650 0 _aTissue culture.
650 0 _aBiotechnology.
653 _aბიოლოგია
653 _aუჯრედი
653 _aქსოვილი
906 _a7
_bcbc
_corignew
_d1
_eocip
_f20
_gy-gencatlg
942 _2udc
_cBK
999 _c1037
_d1037